Alle Frauennamen in Mambo No. 5 - Statistiken

Allgemein
  • Dieses Quiz wurde 35 mal gespielt
  • Das Durchschnittsergebnis liegt bei 6 aus 9
Antwortstatistiken
Hint Antwort % Korrekt
A little bit of XXX in my life Monica
89%
A little bit of XXX by my side Erica
85%
A little bit of XXX all I need Rita
81%
A little bit of XXX, here I am Jessica
74%
A little bit of XXX in the sun Sandra
67%
A little bit of XXX what I see Tina
59%
A little bit of XXX all night long Mary
52%
I like ... Angela
26%
I like ... Pamela
22%
Keine übereinstimmenden Quizze gefunden
Verteilung der Resultate
Anzahl Personen mit jedem Resultat
Perzentil nach korrekt beantworteten Fragen
Ihre Resultats-Entwicklung
Sie haben dieses Quiz noch nicht gespielt